000 00400nam a22001697a 4500
003 MPLRDC
005 20220104123652.0
008 210129b ||||| |||| 00| 0 eng d
082 _a413.32 YXM
100 _a叶心铭译
245 _a伤寒论阶梯
_c
250 _a一版一刷
260 _a
_b上海卫生出版社
_c1956
300 _b
650 _a伤寒论
942 _cBK
_o413.32 YXM
999 _c13244
_d13234